header

Leibniz and his correspondents (Record no. 77567)

MARC details
000 -LEADER
fixed length control field 01319nam a2200313Ia 4500
245 00 - TITLE STATEMENT
Title Leibniz and his correspondents
260 ## - PUBLICATION, DISTRIBUTION, ETC. (IMPRINT)
Place of publication Cambridge, UK :
Name of publisher New York :
-- Cambridge University Press,
Year of publication 2004.
300 ## - PHYSICAL DESCRIPTION
Number of Pages xiii, 310 p.
500 ## - GENERAL NOTE
General note Proceedings of a conference held Mar. 16-18, 2001 at Tulane University.
650 #0 - SUBJECT ADDED ENTRY--TOPICAL TERM
Topical Term Philosophy, German
700 1# - ADDED ENTRY--PERSONAL NAME
Personal name Lodge, Paul,
856 40 - ELECTRONIC LOCATION AND ACCESS
Uniform Resource Identifier http://site.ebrary.com/lib/rucke/Doc?id=10130461

No items available.

© 2026 Rongo University
Contact us: librarian | system librarian | Rongo university